00926nam a2200253 i 4500003000900000005001700009008004100026020001500067040004300082041000800125082001900133100003200152245014900184264002800333300004000361336002200401337002400423338003300447504005300480546002000533650002900553700003300582856005700615EG-GICUC20260406080959.0260406s1986 -uk||||fr|||| 000 0 eng d a9231022016 aEG-GiCUCbengcEG-GiCUCdEG-GiCUCerda 0aeng04221a341.48bPH1 a Elliot, Henry G. eAuthor.10aPhilosophical foundations of human rights /cPrepared By Unesco And International Insitute Of Philosophy With An Introduction By Paul Ricœur. 1aParis :bUnesco,c1986. a340`pages :billustrations,c24 cm. 2rda contentatext 2rda mediaaComputer 2rda carrieraOnline Resource aIncludes bibliographical references and index.  aText in English14aPublic international law1 aRicœur, Paul eContributor40uhttps://fll.law.cu.edu.eg/fulltext/bks/B11-09381.pdf